[Event "Amantea U16"]
[Site "Amantea"]
[Date "2011.09.07"]
[Round "4"]
[White "Suma, Gilda"]
[Black "Nazzareno, Francesco"]
[Result "1-0"]
[WhiteElo "1440"]
[BlackElo "1440"]
[PlyCount "51"]
[EventDate "2011.09.04"]
[EventType "swiss"]
[EventRounds "8"]
[EventCountry "ITA"]
[SourceTitle "EXT 2014"]
[Source "ChessBase"]
[SourceDate "2013.11.20"]
[SourceVersion "1"]
[SourceVersionDate "2013.11.20"]
[SourceQuality "1"]

1. e4 e5 2. Nf3 Bc5 3. Nxe5 Qf6 4. f3 Qxe5 5. Nc3 Nf6 6. Nb5 c6 7. Nc7+ Kf8 8. Nxa8 Bb6 9. d3 a5 10. Nxb6 Qc7 11. Be3 Qxb6 12. Bxb6 Na6 13. Bc5+ Kg8 14. d4 b5 15. d5 cxd5 16. exd5 Bb7 17. g4 Nxd5 18. Bxb5 Nxc5 19. Bc4 Nb4 20. c3 Bxf3 21. Qxf3 d5 22. Qxd5 Nxd5 23. Bxd5 Ne6 24. Rd1 Nc5 25. Bf3 a4 26. Rd8# 1-0